[Event "Landslidsflokkur"]
[Site "Reykjavik"]
[Date "2005.08.11"]
[Round "1"]
[White "Sigfusson Sigurdur Dadi"]
[Black "Stefansson Hannes"]
[Result "1/2-1/2"]
[WhiteElo "2344"]
[BlackElo "2579"]
[Annotator ""]
[Source ""]
[Remark ""]

1.e4 c5 2.Nf3 e6 3.d4 cxd4 4.Nxd4 Nc6 5.Nc3 Qc7 6.Be3 a6 7.Bd3
b5 8.Nxc6 Qxc6 9.O-O Bb7 10.Qe2 Nf6 11.f3 b4 12.Nb1 Bc5 13.Nd2
O-O 14.Kh1 d6 15.Nc4 a5 16.Rad1 Nd7 17.Bg5 Rfe8 18.Nxd6 Bxd6
19.Bb5 Qc7 20.Qd3 Bxh2 21.Qxd7 Rec8 22.f4 Bxe4 23.Kxh2 Qxd7 24.Rxd7
Rxc2 25.Re1 Bxg2 26.Re2 Rxe2 27.Bxe2 Bd5 28.Rd8+ Rxd8 29.Bxd8
a4 30.Bd1 b3 1/2-1/2

[Event "Landslidsflokkur"]
[Site "Reykjavik"]
[Date "2005.08.11"]
[Round "1"]
[White "Johannesson Ingvar Thor"]
[Black "Bergsson Snorri G."]
[Result "1/2-1/2"]
[WhiteElo "2291"]
[BlackElo "2259"]
[Annotator ""]
[Source ""]
[Remark ""]

1.e4 e6 2.d4 d5 3.e5 c5 4.c3 Qb6 5.Nf3 Bd7 6.a3 Bb5 7.c4 Bxc4
8.Bxc4 dxc4 9.d5 Qb3 10.dxe6 fxe6 11.Qxb3 cxb3 12.Nbd2 Nc6 13.Nxb3
b6 14.Bf4 Nge7 15.Rc1 1/2-1/2

[Event "Landslidsflokkur"]
[Site "Reykjavik"]
[Date "2005.08.11"]
[Round "1"]
[White "Bjarnason Saevar"]
[Black "Kristjansson Stefan"]
[Result "0-1"]
[WhiteElo "2255"]
[BlackElo "2459"]
[Annotator ""]
[Source ""]
[Remark ""]

1.Nf3 Nf6 2.c4 g6 3.Nc3 d5 4.cxd5 Nxd5 5.g3 Bg7 6.Bg2 O-O 7.O-O
c5 8.Nxd5 Qxd5 9.d3 Nc6 10.Be3 Bxb2 11.Nd4 Qd7 12.Nxc6 Bxa1 13.Qxa1
bxc6 14.Bh6 Qd4 15.Bxf8 Kxf8 16.Qb1 Bg4 17.Bxc6 Rc8 18.e3 Qe5
19.Qb7 Rd8 20.Be4 Be2 21.Rc1 Bxd3 22.Bxd3 Rxd3 23.Qxa7 Rxe3 24.Qxc5
Re1+ 25.Kg2 Qe4+ 26.Kh3 Qe6+ 27.Kg2 Rxc1 28.Qxc1 Qxa2 29.Qc3
Qd5+ 30.f3 e5 31.h4 Qd4 32.Qc2 h5 33.Qc8+ Kg7 34.Qc2 Qd6 35.Kf2
Qb6+ 36.Kg2 Qf6 37.Qd2 Qf5 38.Qc3 Kh7 39.Qe3 Qc2+ 40.Kh3 Qb2
41.Qd3 Qf2 42.Qd5 Qf1+ 43.Kh2 Qe2+ 44.Kh3 Kg7 45.Qc6 Qf1+ 46.Kh2
Qf2+ 47.Kh3 Qg1 0-1

[Event "Landslidsflokkur"]
[Site "Reykjavik"]
[Date "2005.08.11"]
[Round "1"]
[White "Asgeirsson Heimir"]
[Black "Asmundsson Ingvar"]
[Result "1/2-1/2"]
[WhiteElo "2118"]
[BlackElo "2299"]
[Annotator ""]
[Source ""]
[Remark ""]

1.d4 c5 2.d5 e5 3.e4 d6 4.c4 g6 5.Bd3 h5 6.Nf3 Bh6 7.Nc3 Bxc1
8.Qxc1 h4 9.Qg5 Qxg5 10.Nxg5 Bd7 11.Kd2 Rh5 12.Nf3 Na6 13.g3
h3 14.Nb5 Ke7 15.Rhf1 Nf6 16.Ne1 Ne8 17.f4 f6 18.Rf2 Nac7 19.a4
a6 20.Nc3 b6 21.Nf3 Rh8 22.b3 Rb8 23.Kc2 1/2-1/2

[Event "Landslidsflokkur"]
[Site "Reykjavik"]
[Date "2005.08.11"]
[Round "1"]
[White "Gunnarsson Jon Viktor"]
[Black "Steindorsson Sigurdur Pall"]
[Result "1-0"]
[WhiteElo "2388"]
[BlackElo "2241"]
[Annotator ""]
[Source ""]
[Remark ""]

1.e4 c5 2.Nf3 e6 3.d4 cxd4 4.Nxd4 a6 5.Nc3 b5 6.Bd3 Bb7 7.O-O
d6 8.Qe2 Nf6 9.Bd2 Nbd7 10.a4 b4 11.Na2 a5 12.c3 bxc3 13.Nxc3
Be7 14.Ndb5 O-O 15.Bf4 Qb6 16.Rad1 Nc5 17.Bc2 e5 18.Be3 Rfd8
19.Bb3 Bc6 20.Bc4 Qb7 21.f3 Na6 22.Kh1 Nb4 23.Bg5 Ne8 24.Be3
Nf6 25.Bf2 Be8 26.Rd2 Rac8 27.Rfd1 h6 28.b3 Bxb5 29.Nxb5 Ne8
30.Nc3 Nc7 31.Be3 Rd7 32.Qf2 Rcd8 33.Qg3 Kf8 34.f4 Bf6 35.f5
d5 36.exd5 Ncxd5 37.Nxd5 Nxd5 38.Bc5+ Ne7 39.Rxd7 Rxd7 40.Qe1
Kg8 41.Rxd7 Qxd7 42.Qxa5 Nxf5 43.Qa8+ Bd8 44.Qd5 Qxd5 45.Bxd5
Nd4 46.b4 Ne2 47.a5 Nc3 48.a6 1-0

[Event "Landslidsflokkur"]
[Site "Reykjavik"]
[Date "2005.08.12"]
[Round "2"]
[White "Bjarnason Saevar"]
[Black "Gunnarsson Jon Viktor"]
[Result "1/2-1/2"]
[WhiteElo "2255"]
[BlackElo "2388"]
[Annotator ""]
[Source ""]
[Remark ""]

1.c4 c5 2.Nf3 Nc6 3.g3 g6 4.Bg2 e5 5.Nc3 Bg7 6.d3 Nge7 7.Bg5
f6 8.Bd2 d6 9.a3 a5 10.O-O Be6 11.Ne1 Rb8 12.Nc2 O-O 13.Rb1 d5
14.cxd5 Nxd5 15.Nxd5 Bxd5 16.Bxd5+ Qxd5 17.b4 axb4 18.axb4 cxb4
19.Bxb4 Rfd8 20.Ne3 Qf7 21.Qb3 Nd4 22.Qxf7+ Kxf7 23.Rb2 f5 24.Rfb1
f4 25.Nc4 f3 26.exf3 Nxf3+ 27.Kg2 e4 28.Re2 Rxd3 29.Rxe4 Ng5
30.Re7+ Kg8 31.Bd2 Bf6 32.Rexb7 Rxb7 33.Rxb7 Nf7 34.Bb4 Rd8 35.Be7
Bxe7 36.Rxe7 Rd4 37.Ne3 Kg7 38.h3 Rd3 39.Ng4 Rd5 40.Rc7 Ra5 41.h4
h5 42.Ne3 Ra2 43.Nd5 Rd2 44.Nf4 Rd6 45.Kf3 Ra6 46.Nh3 Kf6 47.Rc3
Ne5+ 48.Ke4 Nf7 49.Nf4 Nd6+ 50.Kf3 Nf7 51.Nd5+ Kg7 52.Nc7 Ra2
53.Ne8+ Kf8 54.Nf6 Kg7 55.Ne4 Ra4 56.Rc7 Kf8 57.Nc5 Ne5+ 58.Kg2
Ra2 59.Ne6+ Ke8 60.Nf4 Ng4 61.Nh3 Kf8 62.Kf3 Kg8 63.Re7 Ra3+
64.Kf4 Ra4+ 65.Kf3 Ra3+ 66.Kg2 Ra2 67.Kf3 1/2-1/2

[Event "Landslidsflokkur"]
[Site "Reykjavik"]
[Date "2005.08.12"]
[Round "2"]
[White "Stefansson Hannes"]
[Black "Thorsteinsson Thorsteinn"]
[Result "1-0"]
[WhiteElo "2579"]
[BlackElo "2277"]
[Annotator ""]
[Source ""]
[Remark ""]

1.e4 e5 2.Nf3 Nc6 3.Bb5 a6 4.Ba4 Nf6 5.O-O Be7 6.Re1 b5 7.Bb3
d6 8.c3 O-O 9.h3 Na5 10.Bc2 c5 11.d4 Qc7 12.Nbd2 cxd4 13.cxd4
Nc6 14.Nb3 a5 15.Be3 a4 16.Nbd2 Bd7 17.a3 Rfe8 18.Rc1 Qb7 19.Qe2
Bd8 20.dxe5 dxe5 21.Bd3 Rb8 22.Rc5 b4 23.Rb5 Qa8 24.Rxb8 Qxb8
25.Nc4 Na5 26.Bc5 Nxc4 27.Bxc4 bxa3 28.Ng5 Be6 29.Nxe6 axb2 30.Rb1
fxe6 31.Rxb2 Qc8 32.Rc2 Be7 33.Bb5 Bxc5 34.Bxe8 Nxe8 35.Qe3 Bxe3
36.Rxc8 Bxf2+ 37.Kxf2 Kf7 38.Ra8 Nd6 39.Rxa4 Kf6 40.Rb4 Nf7 41.Ke3
Nd6 42.Kd3 Nc8 43.Kc4 Ne7 44.Kc5 g5 45.Kd6 Ng6 46.g3 h5 47.Rb1
Nf4 48.Rf1 1-0

[Event "Landslidsflokkur"]
[Site "Reykjavik"]
[Date "2005.08.12"]
[Round "2"]
[White "Bergsson Snorri G."]
[Black "Asgeirsson Heimir"]
[Result "0-1"]
[WhiteElo "2259"]
[BlackElo "2118"]
[Annotator ""]
[Source ""]
[Remark ""]

1.e4 c5 2.Nf3 Nc6 3.d4 cxd4 4.Nxd4 Nf6 5.Nc3 e5 6.Ndb5 d6 7.Bg5
a6 8.Na3 b5 9.Nd5 Qa5+ 10.Bd2 Qd8 11.c4 Nxe4 12.cxb5 Be6 13.Bc4
Ne7 14.Be3 Rc8 15.Bb6 Qd7 16.bxa6 Rxc4 17.a7 Bxd5 18.Nxc4 Ba8
19.f3 d5 20.Nxe5 Qb5 21.fxe4 Qxb6 22.Qa4+ Nc6 23.Rc1 Qe3+ 24.Kd1
Bb4 25.Rc2 Qd4+ 26.Ke2 Qxe4+ 27.Kd1 Qd4+ 28.Nd3 Qxd3+ 29.Kc1
O-O 30.Rd1 Qe4 0-1

[Event "Landslidsflokkur"]
[Site "Reykjavik"]
[Date "2005.08.12"]
[Round "2"]
[White "Steindorsson Sigurdur Pall"]
[Black "Sigfusson Sigurdur Dadi"]
[Result "1/2-1/2"]
[WhiteElo "2241"]
[BlackElo "2344"]
[Annotator ""]
[Source ""]
[Remark ""]

1.c4 c6 2.Nf3 d5 3.b3 Nf6 4.g3 Bg4 5.Bg2 e6 6.Bb2 Nbd7 7.O-O
Bd6 8.d3 O-O 9.Nbd2 Qe7 10.Qc2 e5 11.e3 h6 12.a3 a6 13.b4 e4
14.dxe4 dxe4 15.c5 Bxc5 16.Nh4 Bb6 17.Nxe4 Qe6 18.Nc5 Bxc5 19.bxc5
Rfe8 20.Bd4 g5 21.Nf3 Bf5 22.Qb2 Ne4 23.Rac1 Rab8 24.Nd2 Nxd2
25.Qxd2 Bh3 1/2-1/2

[Event "Landslidsflokkur"]
[Site "Reykjavik"]
[Date "2005.08.12"]
[Round "2"]
[White "Kristjansson Stefan"]
[Black "Asmundsson Ingvar"]
[Result "1-0"]
[WhiteElo "2459"]
[BlackElo "2299"]
[Annotator ""]
[Source ""]
[Remark ""]

1.e4 e5 2.Nf3 Nf6 3.Nxe5 d6 4.Nf3 Nxe4 5.d4 d5 6.Bd3 Bd6 7.O-O
O-O 8.c4 c6 9.Qc2 Nf6 10.c5 Be7 11.Nc3 b6 12.b4 a5 13.Na4 bxc5
14.bxc5 Ba6 15.Rb1 Bxd3 16.Qxd3 Nbd7 17.Bf4 Ra7 18.h3 Ne4 19.Rb3
Re8 20.Rfb1 Bf6 21.Rb7 Qa8 22.Qb3 g5 23.Bc7 h6 24.Rxa7 Qxa7 25.Qb7
Ra8 26.Qxc6 1-0

[Event "Landslidsflokkur"]
[Site "Reykjavik"]
[Date "2005.08.13"]
[Round "3"]
[White "Sigfusson Sigurdur Dadi"]
[Black "Bjarnason Saevar"]
[Result "1-0"]
[WhiteElo "2344"]
[BlackElo "2255"]
[Annotator ""]
[Source ""]
[Remark ""]

1.e4 e5 2.Nf3 Nc6 3.Bc4 Nf6 4.Ng5 d5 5.exd5 b5 6.Bf1 Nd4 7.c3
h6 8.cxd4 hxg5 9.dxe5 Nxd5 10.Bxb5+ Bd7 11.Bc4 Bc6 12.d3 Nf4
13.Bxf4 gxf4 14.Nd2 Qg5 15.Qe2 Qxg2 16.O-O-O Qg5 17.e6 f5 18.Rhg1
Qf6 19.Nf3 Bd6 20.d4 Bxf3 21.Qxf3 Ke7 22.h4 Rab8 23.h5 Rb4 24.Qc6
Rxc4+ 25.Qxc4 Rxh5 26.Qc6 g5 27.Qd7+ Kf8 28.Rh1 1-0

[Event "Landslidsflokkur"]
[Site "Reykjavik"]
[Date "2005.08.13"]
[Round "3"]
[White "Gunnarsson Jon Viktor"]
[Black "Kristjansson Stefan"]
[Result "1/2-1/2"]
[WhiteElo "2388"]
[BlackElo "2459"]
[Annotator ""]
[Source ""]
[Remark ""]

1.e4 c5 2.Nf3 d6 3.d4 cxd4 4.Nxd4 Nf6 5.Nc3 g6 6.Be3 Bg7 7.f3
a6 8.Qd2 Nbd7 9.g4 b5 10.g5 Nh5 11.a4 bxa4 12.Rxa4 Bb7 13.Bg2
Nb6 14.Ne6 fxe6 15.Rb4 O-O 16.Rxb6 1/2-1/2

[Event "Landslidsflokkur"]
[Site "Reykjavik"]
[Date "2005.08.13"]
[Round "3"]
[White "Thorsteinsson Thorsteinn"]
[Black "Steindorsson Sigurdur Pall"]
[Result "1/2-1/2"]
[WhiteElo "2277"]
[BlackElo "2241"]
[Annotator ""]
[Source ""]
[Remark ""]

1.d4 Nf6 2.c4 e6 3.Nf3 b6 4.g3 Bb7 5.Bg2 Be7 6.O-O O-O 7.Nc3
Ne4 8.Nxe4 Bxe4 9.Ne1 Bxg2 10.Nxg2 d5 11.Qa4 Qd7 12.Qxd7 Nxd7
13.cxd5 exd5 14.Rd1 Rfd8 15.Bf4 Rac8 16.Rac1 c6 17.Bd2 Nf8 18.Nf4
Ne6 19.e3 c5 20.dxc5 Nxf4 21.gxf4 bxc5 22.Ba5 Rd6 23.Bb4 Rdd8
24.Ba3 f5 25.Rc2 Kf7 26.Rdc1 c4 27.Bxe7 Kxe7 28.b3 Rc5 29.bxc4
Rdc8 30.Rd2 dxc4 31.Rc3 Ke6 32.Rd4 R8c6 33.Kg2 Kf6 34.Kg3 h6
35.h4 Kg6 36.Rd7 Ra5 37.a3 a6 38.Kf3 Rb5 39.h5+ Kf6 40.Rc1 g5
41.hxg6 Kxg6 42.Rg1+ Kf6 43.Rgg7 Rb1 44.Rgf7+ Kg6 45.Rg7+ Kf6
46.Rgf7+ Kg6 47.Rg7+ Kf6 1/2-1/2

[Event "Landslidsflokkur"]
[Site "Reykjavik"]
[Date "2005.08.13"]
[Round "3"]
[White "Johannesson Ingvar Thor"]
[Black "Stefansson Hannes"]
[Result "0-1"]
[WhiteElo "2291"]
[BlackElo "2579"]
[Annotator ""]
[Source ""]
[Remark ""]

1.c4 Nf6 2.Nf3 b6 3.d4 e6 4.a3 Bb7 5.Nc3 g6 6.d5 exd5 7.cxd5
Bg7 8.g3 O-O 9.Rb1 Na6 10.Bg2 c5 11.dxc6 dxc6 12.O-O Qe7 13.Bf4
Rfe8 14.Re1 Rad8 15.Qc2 Nc7 16.Ne5 Nfd5 17.Nxd5 Nxd5 18.Nxc6
Bxc6 19.Qxc6 Nxf4 20.gxf4 Rd2 21.e3 Bxb2 22.Rbd1 Red8 23.Rxd2
Rxd2 24.a4 Qh4 25.Rf1 Qd8 26.Qa8 Qxa8 27.Bxa8 Bf6 28.Bc6 Bh4
29.Bb5 Ra2 30.e4 Be7 31.Re1 a6 32.Bxa6 Rxa4 33.Bd3 Bd6 34.e5
Bc5 35.Re4 Ra3 36.Bc4 Rf3 37.e6 fxe6 38.Rxe6 Kg7 39.Re2 Rxf4
40.Ba6 Ra4 41.Bc8 b5 42.Rb2 b4 43.Be6 Ra6 44.Bc4 Rf6 45.Kg2 Rf5
46.h3 Kf6 47.Re2 Bd4 48.Bb3 Rf4 49.Re6+ Kg5 50.f3 Bc3 51.Re7
Rd4 52.Rxh7 Rd2+ 53.Kf1 Kf4 54.Rf7+ Kg3 55.Bc4 b3 0-1

[Event "Landslidsflokkur"]
[Site "Reykjavik"]
[Date "2005.08.13"]
[Round "3"]
[White "Asmundsson Ingvar"]
[Black "Bergsson Snorri G."]
[Result "0-1"]
[WhiteElo "2299"]
[BlackElo "2259"]
[Annotator ""]
[Source ""]
[Remark ""]

1.f4 d5 2.Nf3 Bg4 3.e3 Bxf3 4.Qxf3 Nf6 5.b3 Nbd7 6.Bb2 e6 7.d3
c6 8.Nd2 Qa5 9.a3 Qb6 10.d4 c5 11.Rb1 cxd4 12.exd4 g6 13.c4 Bg7
14.c5 Qc7 15.b4 O-O 16.Bd3 b6 17.O-O a5 18.Rfc1 bxc5 19.bxc5
Rfb8 20.a4 Ne4 21.Qe3 Nxd2 22.Qxd2 Rb4 23.Bb5 Nf6 24.Ba1 Ne4
25.Qe3 Bh6 26.g3 g5 27.Rxb4 gxf4 28.Qf3 axb4 29.gxf4 Bxf4 30.Rc2
Kh8 31.Kh1 f5 32.Bb2 Rg8 33.Bd3 Nd2 34.Qf2 Qg7 35.Bf1 b3 36.Rc3
Ne4 37.Qg2 Qh6 38.Qe2 Nxc3 39.Bxc3 Be3 40.Bg2 f4 41.a5 Qg6 42.h3
Qc2 0-1

[Event "Landslidsflokkur"]
[Site "Reykjavik"]
[Date "2005.08.14"]
[Round "4"]
[White "Stefansson Hannes"]
[Black "Asgeirsson Heimir"]
[Result "1-0"]
[WhiteElo "2579"]
[BlackElo "2118"]
[Annotator ""]
[Source ""]
[Remark ""]

1.d4 d5 2.Nf3 Nf6 3.c4 e6 4.Nc3 Be7 5.Bg5 h6 6.Bh4 O-O 7.e3 b6
8.Bd3 Bb7 9.O-O Nbd7 10.Qe2 dxc4 11.Bxc4 Ne4 12.Bg3 Bd6 13.Rac1
Bxg3 14.hxg3 c5 15.Rfd1 cxd4 16.Nxe4 Bxe4 17.Rxd4 Bxf3 18.gxf3
Qe7 19.Bb5 Nf6 20.Rdc4 Rfd8 21.e4 Qf8 22.Qc2 a6 23.Bc6 Ra7 24.f4
Nd7 25.e5 b5 26.Rd4 Nb6 27.Rxd8 Qxd8 28.Qc5 Qc7 29.Rc2 g6 30.b3
Kg7 31.Kg2 Qb8 32.Bf3 Rd7 33.Qc6 Qa7 34.Qc5 Qb8 35.Qa3 Qa7 36.Rc6
Rc7 37.Rxc7 Qxc7 38.Qxa6 Qc5 39.a4 bxa4 40.bxa4 g5 41.Qa7 Qb4
42.Bh5 1-0

[Event "Landslidsflokkur"]
[Site "Reykjavik"]
[Date "2005.08.14"]
[Round "4"]
[White "Steindorsson Sigurdur Pall"]
[Black "Johannesson Ingvar Thor"]
[Result "0-1"]
[WhiteElo "2241"]
[BlackElo "2291"]
[Annotator ""]
[Source ""]
[Remark ""]

1.c4 e5 2.Nc3 Nf6 3.g3 Bb4 4.Bg2 Bxc3 5.bxc3 O-O 6.e4 c6 7.Ne2
d5 8.cxd5 cxd5 9.exd5 Nxd5 10.O-O Nc6 11.Qc2 Bg4 12.Re1 Rc8 13.Qa4
Be6 14.Rb1 Nb6 15.Qc2 Qd7 16.Ba3 Rfd8 17.Bc5 Nc4 18.d3 Bf5 19.Nc1
b6 20.Be4 Bxe4 21.Rxe4 N4a5 22.Bb4 f5 23.Re1 Nb7 24.a4 Kh8 25.Qe2
Re8 26.Na2 Rcd8 27.Qf3 Rc8 28.Ba3 Nbd8 29.Rb5 Qf7 30.Qd5 Ne6
31.Nb4 Nxb4 32.Bxb4 Qh5 33.Bd6 Ng5 34.Re3 Rxc3 35.h4 Rc1+ 36.Kh2
e4 37.Qxf5 Qd1 0-1

[Event "Landslidsflokkur"]
[Site "Reykjavik"]
[Date "2005.08.14"]
[Round "4"]
[White "Kristjansson Stefan"]
[Black "Bergsson Snorri G."]
[Result "1-0"]
[WhiteElo "2459"]
[BlackElo "2259"]
[Annotator ""]
[Source ""]
[Remark ""]

1.e4 c5 2.Nf3 Nc6 3.d4 cxd4 4.Nxd4 e5 5.Nb5 a6 6.Nd6+ Bxd6 7.Qxd6
Qf6 8.Qd2 Qg6 9.Nc3 Nge7 10.f3 O-O 11.Bc4 d6 12.O-O Kh8 13.Nd5
Nxd5 14.Bxd5 f5 15.Qg5 Qe8 16.exf5 Nd4 17.g4 Nxc2 18.Rb1 Qb5
19.Be4 Qc5+ 20.Rf2 Nd4 21.Qe7 Bxf5 22.gxf5 Nxf3+ 23.Bxf3 Rxf5
24.Kg2 Raf8 25.Bd2 Qd4 26.Rbf1 h6 27.Bc3 Qf4 28.Qxd6 R8f6 29.Qd8+
Kh7 30.Qd3 1-0

[Event "Landslidsflokkur"]
[Site "Reykjavik"]
[Date "2005.08.14"]
[Round "4"]
[White "Thorfinnsson Bjorn"]
[Black "Asmundsson Ingvar"]
[Result "1-0"]
[WhiteElo "2338"]
[BlackElo "2299"]
[Annotator ""]
[Source ""]
[Remark ""]

1.d4 d5 2.c4 c6 3.Nf3 Nf6 4.Nc3 dxc4 5.a4 c5 6.d5 Bf5 7.a5 Ne4
8.Nd2 Nxc3 9.bxc3 Qxd5 10.e4 Bxe4 11.Bxc4 Qc6 12.Qe2 Bxg2 13.Bb5
Bxh1 14.f3 g6 15.a6 Nd7 16.Bxc6 bxc6 17.Nc4 Bg7 18.Kf2 O-O 19.Bd2
Bxf3 20.Qxf3 Rfc8 21.Rb1 Nb8 22.Rb7 Bf6 23.Bf4 Nxa6 24.Be5 Bh4+
25.Kg2 f5 26.Qf4 1-0

[Event "Landslidsflokkur"]
[Site "Reykjavik"]
[Date "2005.08.14"]
[Round "4"]
[White "Gunnarsson Jon Viktor"]
[Black "Sigfusson Sigurdur Dadi"]
[Result "1/2-1/2"]
[WhiteElo "2388"]
[BlackElo "2344"]
[Annotator ""]
[Source ""]
[Remark ""]

1.e4 e5 2.Nf3 Nc6 3.Bc4 Bc5 4.c3 Nf6 5.d3 O-O 6.Nbd2 a6 7.Bb3
h6 8.h3 d6 9.Nf1 d5 10.Qe2 Be6 11.Ng3 Re8 12.O-O Qd7 13.Nh4 dxe4
14.dxe4 Bxh3 15.Qc4 Ba7 16.gxh3 Na5 17.Qxf7+ Qxf7 18.Bxf7+ Kxf7
19.Kg2 Nc4 20.b3 Nd6 21.Kf3 g5 22.Nhf5 Nfxe4 23.Nxh6+ Kg6 24.Nxe4
Rf8+ 25.Kg2 Nxe4 26.Ng4 Nxc3 27.Bb2 Nd5 28.Bxe5 Rae8 29.Bg3 Re6
30.Rfe1 1/2-1/2

[Event "Landslidsflokkur"]
[Site "Reykjavik"]
[Date "2005.08.14"]
[Round "4"]
[White "Bjarnason Saevar"]
[Black "Thorsteinsson Thorsteinn"]
[Result "1/2-1/2"]
[WhiteElo "2255"]
[BlackElo "2277"]
[Annotator ""]
[Source ""]
[Remark ""]

1.d4 f5 2.c4 Nf6 3.g3 g6 4.Bg2 Bg7 5.Nc3 O-O 6.Nf3 d6 7.O-O c6
8.b3 Kh8 9.Bb2 d5 10.Qc2 Be6 11.Ne5 Nbd7 12.e3 Rc8 13.Rad1 Ne4
14.Ne2 Bg8 15.f3 Nef6 16.Nf4 Qe8 17.Nfd3 Nxe5 18.Nxe5 Nd7 19.c5
Nxe5 20.dxe5 g5 21.f4 g4 22.h3 h5 23.hxg4 hxg4 24.Kf2 Be6 25.Rh1+
Kg8 26.Rh4 Kf7 27.Rdh1 Qd7 28.Bd4 Rh8 29.Qd1 Rxh4 30.Rxh4 Rh8
31.Rxh8 Bxh8 32.Qh1 Bg7 33.Qh5+ Kf8 34.Qg6 Qc8 35.Bf1 Bf7 36.Qg5
e6 37.b4 a6 38.a4 Qc7 39.Bd3 Qe7 40.Qxe7+ Kxe7 41.Ke2 Be8 42.Kd2
Bf8 43.Kc3 Kd8 44.Kb3 1/2-1/2

[Event "Landslidsflokkur"]
[Site "Reykjavik"]
[Date "2005.08.15"]
[Round "5"]
[White "Asgeirsson Heimir"]
[Black "Steindorsson Sigurdur Pall"]
[Result "1-0"]
[WhiteElo "2118"]
[BlackElo "2241"]
[Annotator ""]
[Source ""]
[Remark ""]

1.d4 Nf6 2.c4 e6 3.Nc3 Bb4 4.f3 d5 5.a3 Bxc3+ 6.bxc3 O-O 7.e3
c5 8.cxd5 exd5 9.Bd3 Re8 10.Ne2 Nc6 11.O-O Bd7 12.Ng3 Qc7 13.Ra2
Rad8 14.Bb1 Ne7 15.e4 cxd4 16.cxd4 dxe4 17.fxe4 Bg4 18.Qd3 Ng6
19.Rc2 Qa5 20.Be3 Rc8 21.Bd2 Qb6 22.Bg5 Bd7 23.Rxc8 Rxc8 24.Qd2
Bb5 25.Rd1 Ba4 26.Re1 Nd7 27.Kh1 h6 28.Be3 Qb3 29.e5 Ne7 30.Nf5
Nxf5 31.Bxf5 g6 32.Be4 Qxa3 33.Bxh6 b5 34.e6 Nf6 35.Qf4 Qe7 36.exf7+
Qxf7 37.Rf1 Kh7 38.Qh4 1-0

[Event "Landslidsflokkur"]
[Site "Reykjavik"]
[Date "2005.08.15"]
[Round "5"]
[White "Bergsson Snorri G."]
[Black "Thorfinnsson Bjorn"]
[Result "1-0"]
[WhiteElo "2259"]
[BlackElo "2338"]
[Annotator ""]
[Source ""]
[Remark ""]

1.d4 f5 2.g3 Nf6 3.Bg2 g6 4.Nh3 Bg7 5.c3 c6 6.O-O O-O 7.Nd2 d6
8.Qb3+ Kh8 9.Nf3 Qe8 10.a4 e5 11.Qa3 Ne4 12.dxe5 dxe5 13.Nd2
Nxd2 14.Bxd2 Be6 15.Qb4 Qd7 16.Rad1 Na6 17.Qa3 Rad8 18.Bh6 Qxd1
19.Bxg7+ Kxg7 20.Rxd1 Rxd1+ 21.Bf1 c5 22.c4 f4 23.Ng5 Bg4 24.f3
h6 25.Qb3 Rd7 26.Ne4 Bf5 27.Qc3 Rd4 28.Nf2 Nb4 29.g4 Be6 30.b3
g5 31.e3 fxe3 32.Qxe3 Nc6 33.Nd3 e4 34.Nxc5 Rxf3 35.Nxe6+ Kf6
36.Qxd4+ Nxd4 37.Nxd4 Rc3 38.b4 Ke5 39.Nf5 Rc2 40.c5 h5 41.Ne3
Rc3 42.Nc4+ Kd4 43.gxh5 Rf3 44.h6 Rf6 45.Nd6 e3 46.h7 Rf8 47.Nf7
Kc3 48.b5 1-0

[Event "Landslidsflokkur"]
[Site "Reykjavik"]
[Date "2005.08.15"]
[Round "5"]
[White "Johannesson Ingvar Thor"]
[Black "Bjarnason Saevar"]
[Result "1/2-1/2"]
[WhiteElo "2291"]
[BlackElo "2255"]
[Annotator ""]
[Source ""]
[Remark ""]

1.d4 Nf6 2.c4 g6 3.Nc3 Bg7 4.Nf3 O-O 5.Bf4 d6 6.e3 c6 7.h3 a6
8.Be2 b5 9.a3 Nbd7 10.O-O bxc4 11.Bxc4 c5 12.d5 Bb7 13.e4 Qc7
14.Re1 Nb6 15.Ba2 Nfd7 16.Rc1 Rac8 17.Re2 Qb8 18.Na4 Rfd8 19.Nxb6
Nxb6 20.Qb3 Nd7 21.Qc2 Qa8 22.Nd2 1/2-1/2

[Event "Landslidsflokkur"]
[Site "Reykjavik"]
[Date "2005.08.15"]
[Round "5"]
[White "Sigfusson Sigurdur Dadi"]
[Black "Kristjansson Stefan"]
[Result "1/2-1/2"]
[WhiteElo "2344"]
[BlackElo "2459"]
[Annotator ""]
[Source ""]
[Remark ""]

1.d4 Nf6 2.c4 e6 3.Nc3 Bb4 4.a3 Bxc3+ 5.bxc3 b6 6.Bg5 Bb7 7.e3
O-O 8.Nf3 d6 9.Be2 Nbd7 10.O-O Re8 11.Nd2 e5 12.Qc2 h6 13.Bh4
Qe7 14.Rae1 Nf8 15.Bd3 g5 16.Bg3 e4 17.Be2 Rad8 18.f4 exf3 19.Bxf3
Bxf3 20.Rxf3 Ne4 21.Ref1 Nxd2 22.Qxd2 Rd7 23.Rxf7 Qxf7 24.Rxf7
Rxf7 25.h4 1/2-1/2

[Event "Landslidsflokkur"]
[Site "Reykjavik"]
[Date "2005.08.15"]
[Round "5"]
[White "Thorsteinsson Thorsteinn"]
[Black "Gunnarsson Jon Viktor"]
[Result "0-1"]
[WhiteElo "2277"]
[BlackElo "2388"]
[Annotator ""]
[Source ""]
[Remark ""]

1.d4 g6 2.c4 Bg7 3.e4 c5 4.d5 d6 5.Nc3 e6 6.Nge2 Ne7 7.dxe6 Bxe6
8.Bf4 Nbc6 9.Qd2 Bxc4 10.Bh6 Bxh6 11.Qxh6 Qa5 12.Qd2 O-O-O 13.Nf4
Bxf1 14.Kxf1 Nd4 15.Kg1 Nb3 16.axb3 Qxa1+ 17.Nd1 d5 18.e5 Nc6
19.h3 Qa5 20.Qe2 Rhe8 21.Nd3 c4 22.bxc4 dxc4 23.Qg4+ Kb8 24.Qxc4
Nxe5 0-1

[Event "Landslidsflokkur"]
[Site "Reykjavik"]
[Date "2005.08.15"]
[Round "5"]
[White "Asmundsson Ingvar"]
[Black "Stefansson Hannes"]
[Result "1/2-1/2"]
[WhiteElo "2299"]
[BlackElo "2579"]
[Annotator ""]
[Source ""]
[Remark ""]

1.f4 d5 2.Nf3 g6 3.g3 Bg7 4.Bg2 Nf6 5.d3 O-O 6.O-O b6 7.c3 Bb7
8.Qe1 Nbd7 9.Nbd2 Re8 10.d4 c5 11.Ne5 cxd4 12.cxd4 Rc8 13.Ndf3
Ne4 14.Qd1 Nd6 15.Bd2 Nc4 16.b3 Nxd2 17.Qxd2 f6 18.Nd3 e6 19.Rac1
Bf8 20.Rxc8 Qxc8 21.Rc1 Qb8 22.Qb2 a5 23.b4 axb4 24.Nxb4 Qd6
25.a3 b5 26.Nd3 Bc6 27.Nb4 Ba8 28.Qc3 Nb6 29.Qc7 Nc4 30.Qxd6
Bxd6 31.Rc3 Bb7 32.Rb3 Ra8 33.Ne1 Nxa3 34.e3 Nc4 35.Nec2 Kf7
36.Kf2 Ke7 37.Ke2 Kd7 38.h4 Kc7 39.g4 Kd7 40.f5 gxf5 41.gxf5
Rg8 42.Bf3 Rg3 43.Ne1 Ke7 44.fxe6 Kxe6 45.Nbd3 Bc6 46.Rb1 Rg8
47.Ra1 b4 48.Ra6 Rc8 49.Ng2 b3 50.Ngf4+ Bxf4 51.Nxf4+ Kf5 52.Nxd5
Bxd5 53.Bxd5 b2 54.Bxc4 Rxc4 55.Rb6 Ke4 56.Re6+ Kd5 57.Rb6 Ra4
58.Rxb2 Ke4 59.Rd2 Ra3 60.d5 Rxe3+ 61.Kf2 Ra3 62.d6 Ra8 63.d7
Rd8 64.Re2+ Kf4 65.Rd2 Kf5 66.Kf3 Ke6 67.Re2+ Kxd7 68.Kf4 Re8
69.Ra2 Ke6 70.h5 Kf7 71.Rg2 Rg8 72.Ra2 Re8 73.Rg2 Re7 74.h6 Rd7
75.Rg1 Rd4+ 76.Kf5 Rd5+ 77.Kf4 Ke6 78.Rg7 Rd7 79.Rg1 Rd4+ 80.Kg3
f5 81.Kh3 Rd7 82.Kh4 Kf6 83.Ra1 Rd2 84.Ra6+ Ke5 85.Ra7 Kf4 86.Ra4+
Ke3 87.Kg5 Rf2 88.Ra3+ Ke4 1/2-1/2

[Event "Landslidsflokkur"]
[Site "Reykjavik"]
[Date "2005.08.16"]
[Round "6"]
[White "Steindorsson Sigurdur Pall"]
[Black "Asmundsson Ingvar"]
[Result "0-1"]
[WhiteElo "2241"]
[BlackElo "2299"]
[Annotator ""]
[Source ""]
[Remark ""]

1.c4 e5 2.Nc3 Nc6 3.g3 d6 4.Bg2 Be6 5.b3 Qd7 6.e3 g6 7.h4 Bg7
8.Nge2 Nge7 9.Bb2 h5 10.d4 exd4 11.Nb5 O-O 12.Nbxd4 Rfe8 13.Qd2
Bg4 14.f3 Nxd4 15.Nxd4 Nf5 16.Nxf5 Bxf5 17.Bxg7 Kxg7 18.Qd4+
f6 19.Kf2 Qe7 20.e4 Bd7 21.Rad1 b6 22.Rd2 Qe5 23.Qe3 Qc5 24.Rhd1
a5 25.Rd5 Qxe3+ 26.Kxe3 Bc6 27.R5d4 f5 28.f4 Re6 29.Kd3 Rae8
30.Re1 Ba8 31.Kd2 Bxe4 32.Bxe4 Rxe4 33.Rdxe4 fxe4 34.Ke3 Kf6
35.Rd1 Re6 36.Rd4 Re7 37.a3 Re6 38.Rd5 c6 39.Rd4 Kf5 40.Rd1 Kg4
41.Rg1 Kh3 42.Kf2 Kg4 43.Ke3 d5 44.a4 d4+ 45.Kxd4 e3 46.Kd3 e2 0-1

[Event "Landslidsflokkur"]
[Site "Reykjavik"]
[Date "2005.08.16"]
[Round "3"]
[White "Gunnarsson Jon Viktor"]
[Black "Johannesson Ingvar Thor"]
[Result "1-0"]
[WhiteElo "2388"]
[BlackElo "2291"]
[Annotator ""]
[Source ""]
[Remark ""]

1.e4 g6 2.d4 Bg7 3.Nc3 d6 4.Be3 a6 5.a4 b6 6.Nf3 e6 7.Qd2 h6
8.Bd3 Ne7 9.Ne2 Bb7 10.Ng3 Nd7 11.a5 b5 12.O-O c5 13.c3 c4 14.Bc2
d5 15.Bf4 Nf6 16.Rfe1 Kf8 17.h4 Nxe4 18.Nxe4 dxe4 19.Bxe4 Bxe4
20.Rxe4 Nc6 21.Rae1 Qd5 22.Be5 Re8 23.Qf4 Kg8 24.h5 g5 25.Qg3
f6 26.Bc7 Kf7 27.Nd2 Ne7 28.R4e2 Nf5 29.Qh3 Rc8 30.Bh2 Rhe8 31.Ne4
Bf8 32.f4 Rc6 33.fxg5 hxg5 34.Nxg5+ fxg5 35.Re5 Ne7 36.Rxd5 Nxd5
37.Be5 Bd6 38.Bxd6 Rxd6 39.Qg3 Ke7 40.Qxg5+ Kd7 41.h6 Kc6 42.h7
Nc7 43.Qc5+ Kd7 44.Qe5 1-0

[Event "Landslidsflokkur"]
[Site "Reykjavik"]
[Date "2005.08.16"]
[Round "6"]
[White "Kristjansson Stefan"]
[Black "Thorfinnsson Bjorn"]
[Result "1-0"]
[WhiteElo "2459"]
[BlackElo "2338"]
[Annotator ""]
[Source ""]
[Remark ""]

1.e4 c5 2.Nf3 e6 3.d4 cxd4 4.Nxd4 a6 5.Nc3 Qc7 6.Bd3 Nc6 7.Nxc6
Qxc6 8.O-O d6 9.Qe2 Nf6 10.a4 Be7 11.a5 Bd7 12.f4 h5 13.Bd2 d5
14.exd5 Nxd5 15.Nxd5 Qxd5 16.c4 Bc5+ 17.Kh1 Qd6 18.Be4 O-O-O
19.Bc3 Bc6 20.Rad1 Qxd1 21.Rxd1 Rxd1+ 22.Qxd1 Bxe4 23.Bxg7 Rg8
24.Qxh5 Bd4 25.Qe2 Bxg2+ 26.Kxg2 Rxg7+ 27.Kf3 Rg8 28.b4 Bc3 29.b5
Bxa5 30.bxa6 bxa6 31.Qa2 Bc7 32.Qxa6+ Kd7 33.Qa4+ Ke7 34.Qa7
Kd7 35.Qd4+ Ke7 36.h4 Ra8 37.Qc5+ Kd7 38.h5 Ra5 39.Qd4+ Ke7 40.h6
e5 41.Qe4 f5 42.Qxf5 Ra3+ 43.Ke4 exf4 44.Qg5+ 1-0